[Event "Aarhus Festuge Open"]
[Site "Aarhus"]
[Date "1992.??.??"]
[Round "5"]
[White "Christensen, Jan"]
[Black "Pedersen, Nicolai Vesterbaek"]
[Result "1/2-1/2"]
[WhiteElo "2250"]
[BlackElo "2115"]
[PlyCount "79"]
[EventDate "1992.??.??"]

1. d4 f5 2. Bf4 Nf6 3. e3 e6 4. Nf3 b6 5. c4 Bb7 6. Nc3 Bb4 7. Qb3 Bxc3+ 8.
bxc3 Nc6 9. Be2 O-O 10. O-O Re8 11. a4 Ne4 12. Rfd1 d6 13. a5 Rb8 14. axb6 axb6
15. Nd2 Nxd2 16. Rxd2 Qf6 17. Bg3 Na5 18. Qa2 Ra8 19. Rad1 Kh8 20. Qb2 Bc6 21.
f3 e5 22. Bf2 Ba4 23. Ra1 Bc6 24. Rdd1 Qf7 25. Qb4 Bd7 26. Ra3 Nc6 27. Qb2 Na5
28. Rda1 Rab8 29. Qb4 c5 30. Qb1 exd4 31. cxd4 cxd4 32. exd4 Rxe2 33. Rxa5 Qxc4
34. Ra8 Qc8 35. R8a7 b5 36. Qd3 Re8 37. d5 b4 38. Bd4 b3 39. Qd2 Qd8 40. h4
1/2-1/2

[Event "Aarhus Festuge Open"]
[Site "Aarhus"]
[Date "1992.??.??"]
[Round "5"]
[White "Hansen, Bjarne"]
[Black "Flindtholt, Birger"]
[Result "1/2-1/2"]
[WhiteElo "2150"]
[BlackElo "2130"]
[PlyCount "81"]
[EventDate "1992.??.??"]

1. d4 d5 2. c4 c6 3. Nf3 Nf6 4. Nc3 e6 5. Bg5 dxc4 6. e4 b5 7. e5 h6 8. Bh4 g5
9. Nxg5 hxg5 10. Bxg5 Nbd7 11. exf6 Qa5 12. g3 b4 13. Ne4 Ba6 14. a3 bxa3+ 15.
Bd2 Qd5 16. Bg2 axb2 17. Ra5 Qxd4 18. Rxa6 Bb4 19. O-O Bxd2 20. Nxd2 c3 21.
Rxc6 Qxd2 22. Qb3 Rb8 23. Qa3 Nxf6 24. Rc7 Nd7 25. Bc6 Rd8 26. Rxd7 Rxd7 27.
Bxd7+ Kxd7 28. Qxa7+ Kc6 29. Qxf7 Rd8 30. Qxe6+ Rd6 31. Qc4+ Kb7 32. Qf7+ Kb6
33. Qb3+ Kc6 34. Qc4+ Kb7 35. Qf7+ Rd7 36. Qb3+ Ka6 37. Qa4+ Kb6 38. Qb4+ Kc7
39. Qc4+ Kb7 40. Qb3+ Kc8 41. Qg8+ 1/2-1/2

[Event "Aarhus Festuge Open"]
[Site "Aarhus"]
[Date "1992.??.??"]
[Round "5"]
[White "Hoiberg, Nina"]
[Black "Jensen, Vagn"]
[Result "0-1"]
[WhiteElo "2245"]
[BlackElo "2250"]
[PlyCount "96"]
[EventDate "1992.??.??"]

1. e4 d5 2. exd5 Nf6 3. Nc3 Nxd5 4. Bc4 Nb6 5. Bb3 Nc6 6. d3 Bf5 7. Nf3 e6 8.
Bf4 Bd6 9. Qd2 Bg4 10. Bxd6 Qxd6 11. Nb5 Qe7 12. Qf4 Bxf3 13. Nxc7+ Kd8 14.
Nxa8 Bxg2 15. Rg1 Nd5 16. Bxd5 Bxd5 17. Rxg7 e5 18. Qg4 Be6 19. Qa4 Kd7 20.
O-O-O Rxa8 21. Rxh7 Rg8 22. f4 Rg4 23. d4 exd4 24. Rxd4+ Kc7 25. Rd1 Qf6 26. h4
Rxf4 27. Qa3 Rf2 28. Qd6+ Kb6 29. a4 Qf5 30. Qd3 Qc5 31. Rh6 Nb4 32. Qd8+ Ka6
33. Qd6+ Qxd6 34. Rxd6+ Ka5 35. c3 Rc2+ 36. Kd1 Bg4+ 37. Ke1 Re2+ 38. Kf1 Nc2
39. Rd3 Ne3+ 40. Kg1 Bf3 41. Rxe3 Rxe3 42. Kf2 Rd3 43. Rf6 Bc6 44. Rxf7 Rd2+
45. Kg3 Rxb2 46. h5 Rg2+ 47. Kh4 Rh2+ 48. Kg4 Rxh5 0-1

[Event "Aarhus Festuge Open"]
[Site "Aarhus"]
[Date "1992.??.??"]
[Round "5"]
[White "Jacobsen, Bo"]
[Black "Samaritani, Fabio"]
[Result "1-0"]
[WhiteElo "2245"]
[BlackElo "2160"]
[PlyCount "49"]
[EventDate "1992.??.??"]

1. c4 c6 2. g3 Nf6 3. Nf3 d5 4. b3 g6 5. Bg2 Bg7 6. Bb2 O-O 7. d3 a5 8. Nbd2
Nbd7 9. Qc2 Re8 10. Ne5 Nxe5 11. Bxe5 Bg4 12. h3 Be6 13. Nf3 a4 14. O-O axb3
15. axb3 Qb6 16. Ra2 Rxa2 17. Qxa2 Qb4 18. Ra1 h6 19. Qc2 Rc8 20. Ra4 Qb6 21.
Nd4 dxc4 22. bxc4 Ne8 23. c5 Qd8 24. Nxe6 fxe6 25. Qb3 1-0

[Event "Aarhus Festuge Open"]
[Site "Aarhus"]
[Date "1992.??.??"]
[Round "5"]
[White "Marcussen, Anders"]
[Black "Lindfeldt, Jan Magnus"]
[Result "1-0"]
[WhiteElo "2135"]
[BlackElo "2030"]
[PlyCount "69"]
[EventDate "1992.??.??"]

1. d4 g6 2. c4 Bg7 3. Nc3 d6 4. Nf3 Nc6 5. e3 e5 6. Be2 Nh6 7. O-O O-O 8. d5
Ne7 9. e4 f5 10. exf5 gxf5 11. Bg5 Nf7 12. Bh4 a6 13. Ne1 c5 14. Nd3 Qe8 15. f4
e4 16. Ne1 Ng6 17. Bg3 Bd7 18. Nc2 b5 19. Qd2 Qb8 20. Rab1 Rc8 21. Kh1 Rc7 22.
h3 b4 23. Nd1 b3 24. axb3 Qxb3 25. Nc3 Rb7 26. Be1 Rab8 27. Ne3 Bxc3 28. Qxc3
Qa2 29. Qf6 Qxb1 30. Bc3 Qxf1+ 31. Nxf1 Kf8 32. Qg7+ Ke8 33. Bh5 Ba4 34. Qg8+
Ke7 35. Qxh7 1-0

[Event "Aarhus Festuge Open"]
[Site "Aarhus"]
[Date "1992.??.??"]
[Round "5"]
[White "Nielsen, Henning"]
[Black "Hansen, Lars"]
[Result "0-1"]
[WhiteElo "2145"]
[BlackElo "2265"]
[PlyCount "36"]
[EventDate "1992.??.??"]

1. e4 e5 2. Nf3 Nf6 3. Nc3 Bb4 4. Be2 d6 5. d3 O-O 6. O-O Re8 7. Bg5 Nbd7 8.
Nd5 Ba5 9. c3 h6 10. Nxf6+ Nxf6 11. Bh4 Bb6 12. Kh1 Qe7 13. Nd2 c6 14. Nc4 Bc7
15. Ne3 Be6 16. Bg4 g5 17. Bg3 Nxg4 18. Nxg4 h5 0-1

[Event "Aarhus Festuge Open"]
[Site "Aarhus"]
[Date "1992.??.??"]
[Round "5"]
[White "Nielsen, Jan Lovig"]
[Black "Pedersen, Bjarne"]
[Result "1/2-1/2"]
[WhiteElo "2035"]
[BlackElo "2235"]
[PlyCount "102"]
[EventDate "1992.??.??"]

1. c4 g6 2. g3 Bg7 3. Bg2 d6 4. d4 Nd7 5. Nf3 e5 6. O-O Ne7 7. e4 O-O 8. Nc3
exd4 9. Nxd4 Nc6 10. Be3 Nde5 11. Nxc6 bxc6 12. Bd4 c5 13. Bxe5 Bxe5 14. Qd2
Rb8 15. b3 Bb7 16. Rae1 Re8 17. Kh1 a6 18. f4 Bd4 19. Ne2 Rxe4 20. Nxd4 Rxd4
21. Qe2 a5 22. Bxb7 Rxb7 23. Qe8+ Qxe8 24. Rxe8+ Kg7 25. Ra8 Rd2 26. Rxa5 c6
27. Kg1 Re7 28. Rf2 Ree2 29. Rxe2 Rxe2 30. Ra6 Kf6 31. Rxc6 Ke6 32. a4 Rb2 33.
Rb6 Ra2 34. Rb8 Kd7 35. Rh8 Rb2 36. Rxh7 Ke7 37. Rh8 Rxb3 38. a5 Ra3 39. Ra8
Ra4 40. f5 gxf5 41. h4 Rxc4 42. h5 Rc1+ 43. Kg2 Rc2+ 44. Kh3 Kd7 45. Ra7+ Kc6
46. Rxf7 Ra2 47. Ra7 c4 48. h6 c3 49. h7 Ra1 50. Kg2 Ra2+ 51. Kh3 Ra1 1/2-1/2

[Event "Aarhus Festuge Open"]
[Site "Aarhus"]
[Date "1992.??.??"]
[Round "5"]
[White "Olesen, Niels H"]
[Black "Petersen, Flemming Petri"]
[Result "1/2-1/2"]
[WhiteElo "2010"]
[BlackElo "2075"]
[PlyCount "137"]
[EventDate "1992.??.??"]

1. d4 Nf6 2. c4 d6 3. Nf3 g6 4. Nc3 Bg7 5. e4 O-O 6. Be2 e5 7. O-O Nc6 8. d5
Ne7 9. Ne1 Nd7 10. Be3 f5 11. f3 f4 12. Bf2 Rf7 13. Nd3 g5 14. c5 Ng6 15. cxd6
cxd6 16. Rc1 Nf6 17. b4 Bf8 18. a4 h5 19. h3 Rh7 20. a5 Ne8 21. Be1 g4 22. fxg4
Qg5 23. Bf3 Nf6 24. Nf2 hxg4 25. Nxg4 Ne8 26. b5 Nh4 27. Bxh4 Rxh4 28. Rf2 Be7
29. Ra2 Bd8 30. Rcc2 Bd7 31. Qe2 Rh7 32. Nd1 Qg6 33. Ndf2 Bh4 34. a6 Bxf2+ 35.
Kxf2 b6 36. Rc3 Kf8 37. Rac2 Qg5 38. Kf1 Qd8 39. Qd3 Rc8 40. Rxc8 Bxc8 41. Be2
Rc7 42. Nf2 Bd7 43. Nd1 Bxb5 44. Qd2 Qc8 45. Rxc7 Bxe2+ 46. Qxe2 Qxc7 47. Kg1
Nf6 48. Nf2 Qc1+ 49. Kh2 Qe3 50. Qc2 Qc5 51. Qe2 b5 52. Ng4 Qc4 53. Qf2 Nxg4+
54. hxg4 Qc7 55. Qh4 Qe7 56. Qh8+ Kf7 57. Qh5+ Kg8 58. Qg6+ Kh8 59. Kg1 b4 60.
Qf5 Qc7 61. g5 Qc5+ 62. Kh1 Qf2 63. Qf6+ Kg8 64. Qe6+ Kh8 65. Qc8+ Kg7 66. Qd7+
Kg8 67. Qc8+ Kg7 68. Qd7+ Kg8 69. Qe8+ 1/2-1/2

[Event "Aarhus Festuge Open"]
[Site "Aarhus"]
[Date "1992.??.??"]
[Round "5"]
[White "Ostersen, Kjeld"]
[Black "Sorensen, Michael"]
[Result "1/2-1/2"]
[WhiteElo "2080"]
[BlackElo "2100"]
[PlyCount "42"]
[EventDate "1992.??.??"]

1. d4 d5 2. c4 e6 3. Nc3 c5 4. cxd5 exd5 5. Nf3 Nc6 6. e3 Nf6 7. Be2 Be7 8. O-O
O-O 9. a3 Ne4 10. Qc2 Nxc3 11. bxc3 cxd4 12. exd4 Qc7 13. Bd3 h6 14. Re1 Bd6
15. h3 Bd7 16. Qb3 Ne7 17. Bd2 Bc6 18. Ne5 Bxe5 19. dxe5 Qd7 20. Qb4 Rae8 21.
Re2 Ng6 1/2-1/2

[Event "Aarhus Festuge Open"]
[Site "Aarhus"]
[Date "1992.??.??"]
[Round "5"]
[White "Pedersen, Daniel Vesterbaek"]
[Black "Husted, Peter"]
[Result "0-1"]
[WhiteElo "2230"]
[BlackElo "2245"]
[PlyCount "140"]
[EventDate "1992.??.??"]

1. e4 e6 2. d4 d5 3. Nc3 Nf6 4. Bg5 dxe4 5. Nxe4 Be7 6. Bxf6 Bxf6 7. Nf3 Bd7 8.
Bd3 Bc6 9. c3 Bxe4 10. Bxe4 c6 11. Qc2 g6 12. O-O-O Nd7 13. Kb1 Bg7 14. h4 Nf6
15. Bd3 Qc7 16. Rhe1 O-O 17. Ng5 c5 18. dxc5 Qxc5 19. Nf3 Ng4 20. Re2 Rad8 21.
Ng5 b5 22. Rde1 a5 23. f3 Ne5 24. Rd2 Nxd3 25. Rxd3 Rxd3 26. Qxd3 Qf2 27. Re2
Qxh4 28. Qxb5 Qh1+ 29. Kc2 Rd8 30. Rd2 Rxd2+ 31. Kxd2 Qxg2+ 32. Ke1 Bf8 33. Qe5
h6 34. Ne4 Bg7 35. Qb8+ Kh7 36. Qb7 Qh1+ 37. Ke2 Qh2+ 38. Ke3 Kg8 39. Qa8+ Bf8
40. Qxa5 Qxb2 41. a4 f5 42. Nd2 h5 43. Kd3 Qb8 44. Qa6 Kf7 45. Qc4 g5 46. Qd4
Qd6 47. Nc4 Qa6 48. a5 h4 49. Qb6 Qxb6 50. axb6 h3 51. b7 h2 52. b8=Q h1=Q 53.
Qc7+ Kg8 54. Na5 Qh7 55. Qxh7+ Kxh7 56. c4 Bd6 57. Nb7 Bf4 58. Nd8 e5 59. c5
Kg7 60. c6 Kf6 61. c7 e4+ 62. fxe4 Bxc7 63. Nc6 f4 64. Ke2 g4 65. Kd3 Kg5 66.
Nd4 Kh4 67. Ke2 Kg3 68. Nf5+ Kh3 69. Nd4 Bb6 70. Ne6 f3+ 0-1

[Event "Aarhus Festuge Open"]
[Site "Aarhus"]
[Date "1992.??.??"]
[Round "5"]
[White "Pedersen, Jan"]
[Black "Hvid, Jonas"]
[Result "1/2-1/2"]
[WhiteElo "2270"]
[BlackElo "1920"]
[PlyCount "55"]
[EventDate "1992.??.??"]

1. e4 c5 2. Nf3 d6 3. Nc3 Nf6 4. d4 cxd4 5. Nxd4 g6 6. Be2 Bg7 7. O-O Nc6 8.
Be3 O-O 9. Nb3 Be6 10. f4 a6 11. f5 Bd7 12. g4 Ne5 13. g5 Ne8 14. Nd5 Bc6 15.
f6 exf6 16. gxf6 Nxf6 17. Bb6 Qe8 18. Nc7 Qe7 19. Nxa8 Rxa8 20. Nd2 Nxe4 21.
Nxe4 Bxe4 22. Qd2 Rc8 23. c3 d5 24. Bd4 Re8 25. Bxe5 Bxe5 26. Bf3 f5 27. Rad1
Qh4 28. Rf2 1/2-1/2

[Event "Aarhus Festuge Open"]
[Site "Aarhus"]
[Date "1992.??.??"]
[Round "5"]
[White "Pedersen, Peer Ole"]
[Black "Gasseholm, Finn"]
[Result "1-0"]
[WhiteElo "2060"]
[BlackElo "2055"]
[PlyCount "49"]
[EventDate "1992.??.??"]

1. e4 c5 2. Nc3 Nc6 3. g3 g6 4. Bg2 Bg7 5. d3 d6 6. Nd5 e6 7. Ne3 Nge7 8. f4
O-O 9. Nf3 Rb8 10. O-O b5 11. g4 Nd4 12. Nh4 f5 13. c3 Ndc6 14. exf5 gxf5 15.
gxf5 exf5 16. Qh5 d5 17. Bh3 Qd7 18. Rf3 Rb6 19. Rg3 Rf7 20. Rg5 Nd8 21. Nexf5
Nxf5 22. Bxf5 Qc7 23. Bxh7+ Kf8 24. Ng6+ Ke8 25. Bd2 1-0

[Event "Aarhus Festuge Open"]
[Site "Aarhus"]
[Date "1992.??.??"]
[Round "5"]
[White "Sand, Bjorn"]
[Black "Stercho, Stepan"]
[Result "0-1"]
[WhiteElo "1765"]
[BlackElo "2300"]
[PlyCount "63"]
[EventDate "1992.??.??"]

1. e4 c5 2. Nf3 d6 3. d4 cxd4 4. Nxd4 Nf6 5. Nc3 a6 6. Bg5 e6 7. f4 Be7 8. Qf3
Qc7 9. Bd3 Nbd7 10. O-O Qb6 11. Nce2 e5 12. fxe5 dxe5 13. c3 exd4 14. cxd4 Ne5
15. Qg3 Nxd3 16. Qxd3 Qb5 17. Qxb5+ axb5 18. Bxf6 Bxf6 19. e5 Bg5 20. d5 b4 21.
Ng3 O-O 22. Rfe1 Bh4 23. Re3 Bxg3 24. Rxg3 Ra5 25. Rd3 Rd8 26. Rad1 Rxa2 27. b3
Bg4 28. Re1 Re2 29. Rxe2 Bxe2 30. Rd4 Bb5 31. d6 Bc6 32. Kf2 0-1

[Event "Aarhus Festuge Open"]
[Site "Aarhus"]
[Date "1992.??.??"]
[Round "5"]
[White "Sondergaard, Gunner"]
[Black "Conradsen, Claus"]
[Result "1/2-1/2"]
[WhiteElo "1930"]
[BlackElo "1985"]
[PlyCount "65"]
[EventDate "1992.??.??"]

1. e4 g6 2. d4 Bg7 3. f4 c5 4. Nf3 cxd4 5. Nxd4 Qb6 6. c3 Nc6 7. e5 d6 8. Nxc6
Qxc6 9. Na3 Qe4+ 10. Kf2 Bd7 11. exd6 Nf6 12. Bb5 Bxb5 13. Nxb5 O-O 14. Re1 Qf5
15. dxe7 Rfe8 16. Nd6 Qc5+ 17. Kf1 Ng4 18. Qxg4 Qxd6 19. Be3 Rxe7 20. Rad1 Qa6+
21. Kg1 Rae8 22. Bf2 Rxe1+ 23. Rxe1 Rxe1+ 24. Bxe1 Qxa2 25. Qc8+ Bf8 26. Qxb7
Qb1 27. Kf2 Qc2+ 28. Kg3 Qe2 29. Bf2 h5 30. Qf3 Qxb2 31. Bxa7 Bg7 32. c4 Qa2
33. Be3 1/2-1/2

[Event "Aarhus Festuge Open"]
[Site "Aarhus"]
[Date "1992.??.??"]
[Round "6"]
[White "Bonnez, Finn"]
[Black "Nielsen, Jan Lovig"]
[Result "0-1"]
[WhiteElo "2050"]
[BlackElo "2035"]
[PlyCount "92"]
[EventDate "1992.??.??"]

1. d4 Nf6 2. Bf4 c5 3. e3 Qb6 4. Nc3 cxd4 5. exd4 d5 6. Nb5 Na6 7. a4 Bd7 8.
Nf3 Nh5 9. a5 Qe6+ 10. Be3 g6 11. Be2 Bg7 12. Nc3 Nf6 13. O-O O-O 14. Qd2 Rac8
15. Rfe1 Qd6 16. Ne5 Rfd8 17. Bf3 e6 18. Bf4 Qb4 19. Re3 Nc7 20. Be2 Bb5 21.
Bxb5 Nxb5 22. Nd3 Qc4 23. Ra4 Qc6 24. Ne5 Qe8 25. Rb4 Nxc3 26. bxc3 Ne4 27. Qe1
Qe7 28. Rb3 Nd6 29. Rh3 Nc4 30. Nxc4 Rxc4 31. Qb1 Ra4 32. Kf1 Rxa5 33. Rxb7 Ra1
34. Qxa1 Qxb7 35. Rd3 Ra8 36. Rd1 a5 37. Rb1 Qa6+ 38. Ke1 a4 39. Bc1 e5 40. Be3
a3 41. Qa2 Qa5 42. Bd2 exd4 43. cxd4 Re8+ 44. Kd1 Qa6 45. c3 Bxd4 46. cxd4 Qf1+
0-1

[Event "Aarhus Festuge Open"]
[Site "Aarhus"]
[Date "1992.??.??"]
[Round "6"]
[White "Borsos, Bogdan"]
[Black "Hoiberg, Nina"]
[Result "1/2-1/2"]
[WhiteElo "2330"]
[BlackElo "2245"]
[PlyCount "89"]
[EventDate "1992.??.??"]

1. e4 e5 2. Nf3 Nc6 3. Bb5 d6 4. d4 exd4 5. Qxd4 Bd7 6. Bxc6 bxc6 7. O-O c5 8.
Qd3 Ne7 9. Nc3 f6 10. Bd2 Ng6 11. Nd5 c6 12. Nf4 Ne5 13. Nxe5 dxe5 14. Ne2 Be6
15. Qxd8+ Rxd8 16. Be3 Be7 17. Rfd1 O-O 18. Nc3 f5 19. f3 a6 20. Na4 fxe4 21.
Bxc5 Rxd1+ 22. Rxd1 exf3 23. gxf3 Bxc5+ 24. Nxc5 Bd5 25. Re1 Rxf3 26. Rxe5 Rf4
27. b3 Rg4+ 28. Kf1 Rf4+ 29. Ke1 Rh4 30. Re2 a5 31. a4 Rh5 32. Nb7 Bf7 33. Kd2
Rd5+ 34. Kc1 h5 35. c4 Rg5 36. Nd8 Rg1+ 37. Kb2 h4 38. Nxc6 h3 39. Kc3 Rg2 40.
Rd2 g5 41. Ne5 g4 42. Rd8+ Kg7 43. Nxf7 Kxf7 44. Rd4 Ke6 45. c5 1/2-1/2

[Event "Aarhus Festuge Open"]
[Site "Aarhus"]
[Date "1992.??.??"]
[Round "6"]
[White "Flindtholt, Birger"]
[Black "Lindfeldt, Jan Magnus"]
[Result "1-0"]
[WhiteElo "2130"]
[BlackElo "2030"]
[PlyCount "93"]
[EventDate "1992.??.??"]

1. e4 c6 2. d4 d5 3. Nc3 dxe4 4. Nxe4 Bf5 5. Ng3 Bg6 6. h4 h6 7. Nf3 Nd7 8. h5
Bh7 9. Bd3 Ngf6 10. Bxh7 Nxh7 11. Bf4 e6 12. Qe2 Nhf6 13. O-O-O Qa5 14. Kb1 Nd5
15. Bd2 Qb6 16. c4 Ba3 17. Ba5 Qxa5 18. cxd5 cxd5 19. bxa3 Nb6 20. Rc1 Nc4 21.
Ne5 Qb6+ 22. Kc2 Rc8 23. Kd3 Nxe5+ 24. dxe5 Qa6+ 25. Kd2 Qa5+ 26. Kd1 Qa4+ 27.
Kd2 Qa5+ 28. Ke3 Rxc1 29. Rxc1 Qxa3+ 30. Kd2 Qxa2+ 31. Ke1 Qxe2+ 32. Nxe2 Kd7
33. Nd4 a6 34. Nb3 b6 35. Nd4 f6 36. f4 fxe5 37. fxe5 Rf8 38. g3 g6 39. Rc6
gxh5 40. Rxe6 Rg8 41. Rxh6 Ke8 42. Kf2 Rg4 43. Rh8+ Kf7 44. e6+ Kf6 45. Rf8+
Ke7 46. Rf7+ Kd8 47. Nf5 1-0

[Event "Aarhus Festuge Open"]
[Site "Aarhus"]
[Date "1992.??.??"]
[Round "6"]
[White "Gasseholm, Finn"]
[Black "Sondergaard, Gunner"]
[Result "0-1"]
[WhiteElo "2055"]
[BlackElo "1930"]
[PlyCount "54"]
[EventDate "1992.??.??"]

1. d4 Nf6 2. c4 g6 3. Nc3 d5 4. cxd5 Nxd5 5. e4 Nxc3 6. bxc3 Bg7 7. Bc4 c5 8.
Ne2 Nc6 9. Be3 cxd4 10. cxd4 b5 11. Bd5 Bd7 12. O-O e6 13. Bb3 O-O 14. Rc1 Na5
15. d5 Nxb3 16. axb3 exd5 17. exd5 a5 18. Nd4 a4 19. bxa4 bxa4 20. Nc6 Bxc6 21.
dxc6 a3 22. c7 Qxd1 23. Rfxd1 a2 24. Bc5 Rfe8 25. Ba3 a1=Q 26. Rxa1 Bxa1 27.
Rxa1 Rxa3 0-1

[Event "Aarhus Festuge Open"]
[Site "Aarhus"]
[Date "1992.??.??"]
[Round "6"]
[White "Husted, Peter"]
[Black "Pedersen, Jan"]
[Result "1/2-1/2"]
[WhiteElo "2245"]
[BlackElo "2270"]
[PlyCount "60"]
[EventDate "1992.??.??"]

1. e4 g6 2. d4 Bg7 3. c3 c6 4. Bd3 d5 5. e5 Nh6 6. h3 O-O 7. Nf3 f6 8. exf6
exf6 9. O-O Re8 10. b3 Bf5 11. c4 Na6 12. Nc3 Qd7 13. cxd5 Bxd3 14. dxc6 Qxc6
15. Qxd3 Rac8 16. Bb2 Nb4 17. Qd1 Qa6 18. Re1 Nd3 19. Rxe8+ Rxe8 20. Qd2 Nf5
21. Rd1 Nb4 22. Na4 Nxa2 23. Re1 Rxe1+ 24. Qxe1 Bf8 25. Qe4 Nb4 26. g4 Nd6 27.
Qe6+ Nf7 28. d5 Qxe6 29. dxe6 Nd8 30. Bxf6 Nxe6 1/2-1/2

[Event "Aarhus Festuge Open"]
[Site "Aarhus"]
[Date "1992.??.??"]
[Round "6"]
[White "Hvid, Jonas"]
[Black "Hansen, Lars"]
[Result "0-1"]
[WhiteElo "1920"]
[BlackElo "2265"]
[PlyCount "70"]
[EventDate "1992.??.??"]

1. d4 d5 2. c4 dxc4 3. Nf3 Nf6 4. Nc3 a6 5. a4 e6 6. e3 c5 7. Bxc4 Nc6 8. O-O
Qc7 9. Qe2 Be7 10. Rd1 O-O 11. e4 cxd4 12. Nxd4 Ne5 13. Ba2 Neg4 14. Nf3 Bc5
15. Rf1 Bd7 16. e5 Bc6 17. Bf4 Bxf3 18. gxf3 Nh5 19. fxg4 Nxf4 20. Qe4 Ng6 21.
Rfe1 Rfd8 22. Kf1 Rd4 23. Qe2 Qc6 24. Ne4 Bb4 25. Rac1 Qxa4 26. b3 Qd7 27. Red1
Rd8 28. Nd6 Rxd1+ 29. Rxd1 Qc6 30. f3 Nxe5 31. Ne4 Rxd1+ 32. Qxd1 Qd5 33. Qe2
f5 34. gxf5 exf5 35. Ng5 h6 0-1

[Event "Aarhus Festuge Open"]
[Site "Aarhus"]
[Date "1992.??.??"]
[Round "6"]
[White "Jacobsen, Bo"]
[Black "Marcussen, Anders"]
[Result "1-0"]
[WhiteElo "2245"]
[BlackElo "2135"]
[PlyCount "81"]
[EventDate "1992.??.??"]

1. c4 Nf6 2. g3 g6 3. Bg2 d5 4. cxd5 Nxd5 5. Nc3 Nxc3 6. bxc3 Bg7 7. Rb1 c6 8.
Nf3 O-O 9. O-O Nd7 10. Qa4 Nb6 11. Qa3 Nc4 12. Qb3 Nd6 13. d3 Bg4 14. Re1 e5
15. Ba3 Rb8 16. Qa4 Bxf3 17. Bxf3 a6 18. Qb4 Nb5 19. Bb2 Nc7 20. a4 Nd5 21. Qc5
Re8 22. c4 Bf8 23. Qa7 Qa5 24. Bxe5 Bc5 25. Qxb8 Rxb8 26. Bxb8 Nc3 27. Ra1 Na2
28. e3 Nb4 29. Red1 Be7 30. d4 Bf6 31. Bd6 h5 32. h3 Qf5 33. Kg2 a5 34. Rab1
Qd7 35. Bxb4 axb4 36. Rxb4 h4 37. g4 Bd8 38. c5 f5 39. Rdb1 fxg4 40. Bxg4 Qd5+
41. Kg1 1-0

[Event "Aarhus Festuge Open"]
[Site "Aarhus"]
[Date "1992.??.??"]
[Round "6"]
[White "Jensen, Vagn"]
[Black "Christensen, Jan"]
[Result "0-1"]
[WhiteElo "2250"]
[BlackElo "2250"]
[PlyCount "60"]
[EventDate "1992.??.??"]

1. Nf3 Nf6 2. g3 g6 3. Bg2 Bg7 4. O-O O-O 5. d4 d6 6. Nbd2 Nbd7 7. c3 e5 8.
dxe5 dxe5 9. Nc4 Qe7 10. Qc2 e4 11. Ng5 Re8 12. b3 Nb6 13. Ba3 c5 14. Ne3 Nfd5
15. Nxd5 Nxd5 16. Qxe4 Nxc3 17. Qxe7 Rxe7 18. Rae1 h6 19. Nf3 Rc7 20. Nd2 Bf5
21. Nc4 Rd8 22. Bb2 b5 23. Bxc3 Bxc3 24. Rc1 Bg7 25. Na5 Rd2 26. Nc6 Bf8 27.
Nb4 Rcd7 28. e4 Be6 29. Na6 c4 30. b4 Rxa2 0-1

[Event "Aarhus Festuge Open"]
[Site "Aarhus"]
[Date "1992.??.??"]
[Round "6"]
[White "Nielsen, Henning"]
[Black "Olesen, Niels H"]
[Result "0-1"]
[WhiteElo "2145"]
[BlackElo "2010"]
[PlyCount "74"]
[EventDate "1992.??.??"]

1. e4 c5 2. d3 Nc6 3. f4 d6 4. Nf3 g6 5. c3 Bg7 6. Be2 e6 7. O-O Nge7 8. Nbd2
O-O 9. Qe1 b5 10. a4 b4 11. Nc4 d5 12. Nce5 f6 13. Nxc6 Nxc6 14. Qg3 bxc3 15.
bxc3 Qa5 16. Bd2 dxe4 17. dxe4 Ba6 18. c4 Qc7 19. Be3 Nb4 20. Rac1 Bb7 21. Nd2
Rfd8 22. Qh3 f5 23. e5 Bf8 24. Nf3 Be7 25. g4 Qc6 26. Ng5 Bxg5 27. Bf3 Qc7 28.
Bxb7 Qxb7 29. fxg5 Nd3 30. gxf5 exf5 31. Rb1 Qe4 32. Rb5 Rab8 33. Rfb1 Rxb5 34.
Rxb5 Nxe5 35. Rb2 Rd1+ 36. Kf2 Ng4+ 37. Ke2 Qd3+ 0-1

[Event "Aarhus Festuge Open"]
[Site "Aarhus"]
[Date "1992.??.??"]
[Round "6"]
[White "Pedersen, Bjarne"]
[Black "Hansen, Bjarne"]
[Result "0-1"]
[WhiteElo "2235"]
[BlackElo "2150"]
[PlyCount "76"]
[EventDate "1992.??.??"]

1. d4 g6 2. c4 Bg7 3. Nc3 d6 4. e4 Nc6 5. Be3 e5 6. d5 Nce7 7. Bd3 f5 8. f3 Bh6
9. Bf2 Nf6 10. Nge2 O-O 11. exf5 Nxf5 12. Bxf5 gxf5 13. Ng3 Qe7 14. Qc2 Ne8 15.
O-O Rf6 16. Rfe1 Ng7 17. Re2 Rg6 18. Nf1 Nh5 19. Be3 Bxe3+ 20. Nxe3 Qg5 21. Nf1
Bd7 22. Kh1 Kh8 23. Rd1 Rag8 24. Rdd2 Qf4 25. Qd3 e4 26. Qd4+ R8g7 27. Rf2 exf3
28. Qxf4 fxg2+ 29. Rxg2 Nxf4 30. Rxg6 hxg6 31. Kg1 Re7 32. Kf2 Kg7 33. Ng3 Kf6
34. b4 g5 35. Nce2 Nh3+ 36. Kg2 f4 37. Nf1 g4 38. Nd4 Re1 0-1

[Event "Aarhus Festuge Open"]
[Site "Aarhus"]
[Date "1992.??.??"]
[Round "6"]
[White "Pedersen, Nicolai Vesterbaek"]
[Black "Ziska, Bogi"]
[Result "1/2-1/2"]
[WhiteElo "2115"]
[BlackElo "2225"]
[PlyCount "56"]
[EventDate "1992.??.??"]

1. e4 c5 2. c3 Nf6 3. e5 Nd5 4. d4 cxd4 5. Nf3 Nc6 6. Bc4 Nb6 7. Bb3 d5 8. exd6
Qxd6 9. O-O Be6 10. Na3 Bxb3 11. axb3 Qd5 12. c4 Qd7 13. Nb5 a6 14. Nbxd4 e6
15. Be3 Qc7 16. Nxc6 Qxc6 17. Ne5 Qc7 18. Bxb6 Qxe5 19. Qf3 Qb8 20. c5 Qc8 21.
b4 Be7 22. Rfd1 O-O 23. g3 h6 24. Rd2 Bg5 25. Rd3 Bf6 26. Rd2 Bg5 27. Rd3 Bf6
28. Rd2 Bg5 1/2-1/2

[Event "Aarhus Festuge Open"]
[Site "Aarhus"]
[Date "1992.??.??"]
[Round "6"]
[White "Pedersen, Peer Ole"]
[Black "Conradsen, Claus"]
[Result "0-1"]
[WhiteElo "2060"]
[BlackElo "1985"]
[PlyCount "80"]
[EventDate "1992.??.??"]

1. e4 g6 2. d4 Bg7 3. f4 c5 4. Nf3 cxd4 5. Nxd4 Qb6 6. Nb3 d6 7. Be2 Nf6 8.
N1d2 Qe3 9. Nc4 Qxe4 10. O-O O-O 11. Bd3 Qd5 12. f5 Nbd7 13. Ne3 Qc6 14. Nd4
Qb6 15. c3 Ne5 16. Bc2 e6 17. fxg6 fxg6 18. Bb3 d5 19. Qe2 Nc6 20. Nf3 Ne4 21.
Kh1 Qd8 22. Nxd5 Nc5 23. Bg5 Qa5 24. Ne7+ Nxe7 25. Bxe7 Re8 26. Bd6 Nxb3 27.
axb3 Qh5 28. Be5 Bd7 29. Bxg7 Kxg7 30. Qe3 Bc6 31. Ne5 Rf8 32. Nxc6 bxc6 33.
Rxa7+ Rxa7 34. Qxa7+ Kg8 35. Rxf8+ Kxf8 36. Qb8+ Kf7 37. Qf4+ Kg7 38. Qd4+ Kg8
39. Kg1 Qe2 40. c4 Qe1# 0-1

[Event "Aarhus Festuge Open"]
[Site "Aarhus"]
[Date "1992.??.??"]
[Round "6"]
[White "Petersen, Flemming Petri"]
[Black "Pedersen, Daniel Vesterbaek"]
[Result "0-1"]
[WhiteElo "2075"]
[BlackElo "2230"]
[PlyCount "100"]
[EventDate "1992.??.??"]

1. e4 e5 2. Nf3 Nc6 3. c3 d5 4. d3 Nf6 5. Nbd2 a5 6. Be2 Bc5 7. O-O O-O 8. a4
Qe7 9. Nb3 dxe4 10. dxe4 Nxe4 11. Qd5 Be6 12. Qxe4 Bxb3 13. Bg5 f6 14. Bd3 g6
15. Bh6 Rfd8 16. Rfe1 Bd5 17. Bc4 Qf7 18. Bxd5 Qxd5 19. Qg4 Qf7 20. h4 Ne7 21.
Rad1 Nf5 22. Bc1 h5 23. Qe4 c6 24. Qc2 Qc4 25. b3 Qe6 26. Kh2 Rd5 27. g3 Rad8
28. Kg2 Qd7 29. Rxd5 Qxd5 30. Re2 Qd3 31. Qa2 Rd5 32. c4 Rd6 33. Rd2 Qc3 34.
Rc2 Qb4 35. Nd2 Nd4 36. Ne4 Nxc2 37. Qxc2 Kf7 38. Nxd6+ Bxd6 39. g4 hxg4 40. h5
f5 41. Bd2 Qb6 42. Qd3 Qd4 43. hxg6+ Kxg6 44. Qxd4 exd4 45. Bxa5 f4 46. f3 g3
47. b4 d3 48. b5 cxb5 49. cxb5 Bc5 50. Bc3 Be3 0-1

[Event "Aarhus Festuge Open"]
[Site "Aarhus"]
[Date "1992.??.??"]
[Round "6"]
[White "Samaritani, Fabio"]
[Black "Ostersen, Kjeld"]
[Result "1-0"]
[WhiteElo "2160"]
[BlackElo "2080"]
[PlyCount "79"]
[EventDate "1992.??.??"]

1. d4 d5 2. Nf3 Bf5 3. c4 Bxb1 4. Rxb1 dxc4 5. Qa4+ c6 6. Qxc4 Nf6 7. e3 e6 8.
Bd3 Be7 9. O-O O-O 10. b4 Nbd7 11. e4 Qb8 12. Bg5 h6 13. Bh4 e5 14. b5 c5 15.
Bxf6 gxf6 16. Nh4 Re8 17. Nf5 Bf8 18. d5 Nb6 19. Qc1 Kh7 20. Rb3 Nc8 21. Bc4
Nd6 22. Nxh6 Qc8 23. Rh3 Qxh3 24. gxh3 Bxh6 25. Qc2 Rh8 26. Be2 b6 27. f4 Kg7
28. fxe5 fxe5 29. Rf3 Kf8 30. a4 Ke7 31. a5 Bf4 32. Rxf4 exf4 33. e5 Rag8+ 34.
Kf2 Nxb5 35. Bxb5 Rxh3 36. Qf5 Rxh2+ 37. Kf1 Rh1+ 38. Ke2 Rh2+ 39. Kd3 Rg3+ 40.
Kc4 1-0